Women's World Curling Championship Winners - Statistics

General Stats
  • This quiz has been taken 15 times
  • The average score is 8 of 9
Answer Stats
Country % Correct
Canada
100%
Norway
100%
Sweden
100%
United States
100%
Germany
93%
Switzerland
93%
China
87%
Scotland
87%
Denmark
67%
No matching quizzes found
Score Distribution
Percent of People with Each Score
Percentile by Number Answered
Your Score History
You have not taken this quiz